Io la conoscevo bene = I knew her well /

The prismatic portrait of the days and nights of a party girl in sixties Rome is a revelation. It follows the gorgeous, seemingly liberated Adriana as she dallies with a wide variety of men, attends parties, goes to modeling gigs, and circulates among the rich and famous. Despite its often light ton...

Full description

Bibliographic Details
Uniform Title:Io la conoscevo bene (Motion picture)
Other Authors: Pietrangeli, Antonio, 1919-1968 (Screenwriter), Maccari, Ruggero, 1919-1989 (Screenwriter), Scola, Ettore, 1931-2016 (Screenwriter), Sandrelli, Stefania (Actor), Adorf, Mario (Actor), Brialy, Jean-Claude (Actor), Fuchsberger, Joachim (Actor), Manfredi, Nino, 1921-2004 (Actor), Salerno, Enrico Maria, 1926-1994 (Actor), Tognazzi, Ugo (Actor), Dor, Karin (Actor), Fabrizi, Franco, 1926-1995 (Actor), Ferro, Turi (Actor), Hoffmann, Robert, 1939- (Actor), Nero, Franco (Actor), Vendell, Véronique, 1942- (Actor), Terra, Renato, 1922-2010 (Actor), Chiari, Maurizio (Costume designer), Piccioni, Piero (composer (expression)), Nannuzzi, Armando, 1925- (director of photography.), Barattoni, Luca (interviewee (expression))
Format: Video DVD
Language:Italian
Language Notes:Italian dialogue; English subtitles.
Published: [Irvington, New York] : The Criterion Collection, [2016]
Edition:DVD special edition.
Series:Criterion collection ; 801.
Subjects:

MARC

Tag First Indicator Second Indicator Subfields
LEADER 00000cgm a2200000Ii 4500
001 in00003611708
005 20170928111459.0
007 vd bvaizm
008 160112p20161965nyu115 vlita d
020 |a 9781681431147 
020 |a 1681431149 
024 1 |a 715515168519 
028 4 2 |a CC2589D  |b The Criterion Collection 
035 |a (OCoLC)ocn934533706 
037 |b Midwest Tape  |n http://www.midwesttapes.com 
040 |a TEFMT  |b eng  |e rda  |c TEFMT  |d OCLCO  |d TEF  |d OCLCO  |d IKG  |d TXI  |d OCLCF  |d GK8  |d OCLCO  |d TXA  |d UtOrBLW 
041 1 |a ita  |j eng  |h ita 
049 |a TXAM 
050 4 |a PN1997.2  |b .I15 2016 
082 0 4 |a 791.43/72  |2 23 
090 |a PN1995.9.F67  |b L586 2016 
130 0 |a Io la conoscevo bene (Motion picture)  |0 http://id.loc.gov/authorities/names/nr00001154 
245 1 0 |a Io la conoscevo bene =  |b I knew her well /  |c Janus Films ; La Ultra Film presenta un film di Antonio Pietrangeli ; soggetto e sceneggiatura, Antonio Pietrangeli, Ruggero Maccari, Ettore Scola ; una coproduzione italo-francese-tedesca Ultra - Les Films du Siecle - Roxy Film ; regìa di Antonio Pietrangeli. 
246 3 4 |a I knew her well 
250 |a DVD special edition. 
257 |a Italy  |2 naf 
264 1 |a [Irvington, New York] :  |b The Criterion Collection,  |c [2016] 
300 |a 1 videodisc (115 min.) :  |b sound, black and white ;  |c 4 3/4 in. +  |e 1 booklet (unpaged : photographs ; 18 cm.) 
336 |a two-dimensional moving image  |b tdi  |2 rdacontent 
337 |a video  |b v  |2 rdamedia 
338 |a videodisc  |b vd  |2 rdacarrier 
340 |a DVD video  |b 4 3/4 in.  |2 rda 
344 |a digital  |b optical  |g mono  |h Dolby Digital 1.0  |2 rda 
346 |a laser optical  |b NTSC  |2 rda 
347 |a video file  |b DVD video  |e region 1  |2 rda 
380 |a Motion picture 
490 1 |a Criterion collection ;  |v 801 
538 |a DVD; 1.85:1 aspect ratio; Dolby digital mono; NTSC; region 1. 
546 |a Italian dialogue; English subtitles. 
511 1 |a Stefania Sandrelli, Mario Adorf, Jean Claude Brialy, Joachim Fuchsberger, Nino Manfredi, Enrico Maria Salerno, Ugo Tognazzi, Karin Dor, Franco Fabrizi, Turi Ferro, Robert Hoffmann, Franco Nero, Veronique Vendell, Franca Polesello, Renato Terra Caizzi, Claudio Camaso, Barbara Nelli, Cesare Miceli Picardi, Solvi Stubing. 
508 |a Production design and costume design, Maurizio Chiari ; music by Piero Piccioni ; editor, Franco Fraticelli ; director of photography, Armando Nannuzzi. 
500 |a Originally produced as a motion picture in 1965. 
520 |a The prismatic portrait of the days and nights of a party girl in sixties Rome is a revelation. It follows the gorgeous, seemingly liberated Adriana as she dallies with a wide variety of men, attends parties, goes to modeling gigs, and circulates among the rich and famous. Despite its often light tone, though, the film is a stealth portrait of a suffocating culture that regularly dehumanizes people, especially women. 
500 |a Special features: New 4K digital restoration; Stefania Sandrelli (new interview with the actress, discusses her role in the film and working with the director); Luca Barattoni (new interview with film scholar Luca Barattoni about the career of director Antonio Pietrangeli); Sandrelli's audtion (archival footage of Sandrelli's audition); Trailer; New English subtitle translation. Insert includes an essay by journalist and author Alexander Stille. 
650 0 |a Actresses  |v Drama.  |0 http://id.loc.gov/authorities/subjects/sh2009113554 
650 0 |a Man-woman relationships  |v Drama.  |0 http://id.loc.gov/authorities/subjects/sh2008107215 
651 0 |a Rome  |v Drama.  |0 http://id.loc.gov/authorities/subjects/sh2008116717 
650 7 |a Actresses.  |2 fast  |0 (OCoLC)fst00796328 
655 7 |a Foreign films.  |2 local 
655 7 |a Feature films.  |2 lcgft  |0 http://id.loc.gov/authorities/genreForms/gf2011026247 
655 7 |a Fiction films.  |2 lcgft  |0 http://id.loc.gov/authorities/genreForms/gf2011026250 
655 7 |a Drama.  |2 fast  |0 (OCoLC)fst01423879 
655 7 |a Feature films.  |2 fast  |0 (OCoLC)fst01710384 
655 7 |a Fiction films.  |2 fast  |0 (OCoLC)fst01710264 
700 1 |a Pietrangeli, Antonio,  |d 1919-1968,  |e screenwriter,  |e film director.  |0 http://id.loc.gov/authorities/names/n87882169 
700 1 |a Maccari, Ruggero,  |d 1919-1989,  |e screenwriter.  |0 http://id.loc.gov/authorities/names/n79059115 
700 1 |a Scola, Ettore,  |d 1931-2016,  |e screenwriter.  |0 http://id.loc.gov/authorities/names/n85255345 
700 1 |a Sandrelli, Stefania,  |e actor.  |0 http://id.loc.gov/authorities/names/n96042393 
700 1 |a Adorf, Mario,  |e actor.  |0 http://id.loc.gov/authorities/names/n91109329 
700 1 |a Brialy, Jean-Claude,  |e actor.  |0 http://id.loc.gov/authorities/names/n93069000 
700 1 |a Fuchsberger, Joachim,  |e actor.  |0 http://id.loc.gov/authorities/names/no98110483 
700 1 |a Manfredi, Nino,  |d 1921-2004,  |e actor.  |0 http://id.loc.gov/authorities/names/n79131538 
700 1 |a Salerno, Enrico Maria,  |d 1926-1994,  |e actor.  |0 http://id.loc.gov/authorities/names/n2003046695 
700 1 |a Tognazzi, Ugo,  |e actor.  |0 http://id.loc.gov/authorities/names/n79008251 
700 1 |a Dor, Karin,  |e actor.  |0 http://id.loc.gov/authorities/names/no2006035430 
700 1 |a Fabrizi, Franco,  |d 1926-1995,  |e actor.  |0 http://id.loc.gov/authorities/names/no2004124102 
700 1 |a Ferro, Turi,  |e actor.  |0 http://id.loc.gov/authorities/names/no2004065754 
700 1 |a Hoffmann, Robert,  |d 1939-  |e actor.  |0 http://id.loc.gov/authorities/names/no2011121793 
700 1 |a Nero, Franco,  |e actor.  |0 http://id.loc.gov/authorities/names/nr97034714 
700 1 |a Vendell, Véronique,  |d 1942-  |e actor.  |0 http://id.loc.gov/authorities/names/no2010110979 
700 1 |a Terra, Renato,  |d 1922-2010,  |e actor.  |0 http://id.loc.gov/authorities/names/no2003070986 
700 1 |a Chiari, Maurizio,  |e production designer,  |e costume designer. 
700 1 |a Piccioni, Piero,  |e composer (expression)  |0 http://id.loc.gov/authorities/names/n95118681 
700 1 |a Fraticelli, Franco,  |e editor of moving image work.  |0 http://id.loc.gov/authorities/names/no97058309 
700 1 |a Nannuzzi, Armando,  |d 1925-  |e director of photography.  |0 http://id.loc.gov/authorities/names/no98054496 
700 1 |a Barattoni, Luca,  |e interviewee (expression)  |0 http://id.loc.gov/authorities/names/no2012072015 
700 1 |a Stille, Alexander,  |e writer of supplementary textual content.  |0 http://id.loc.gov/authorities/names/n91086718 
710 2 |a Janus Films,  |e production company.  |0 http://id.loc.gov/authorities/names/n81074742 
710 2 |a Ultra Film (Firm),  |e production company.  |0 http://id.loc.gov/authorities/names/no98075874 
710 2 |a Films du Siecle,  |e production company. 
710 2 |a Roxy Film (Firm),  |e production company.  |0 http://id.loc.gov/authorities/names/no2002039601 
710 2 |a Criterion Collection (Firm),  |e publisher.  |0 http://id.loc.gov/authorities/names/no98092622 
830 0 |a Criterion collection ;  |v 801. 
994 |a C0  |b TXA 
948 |a cataloged  |b h  |c 2016/2/25  |d c  |e blrosas  |f 11:20:18 am 
999 f f |s 72328d7c-ba99-380c-8606-95753dde327c  |i fd6c1691-e3bb-3275-9cc6-bd91f9548880  |t 0 
952 f f |p dvd  |a Texas A&M University  |b College Station  |c Sterling C. Evans Library  |d Evans: Media and Reserves (Annex 1st floor)  |t 0  |e PN1995.9.F67 L586 2016  |h Library of Congress classification  |i video -- videodisc  |m A14843340648 
998 f f |a PN1995.9.F67 L586 2016  |t 0  |l Evans: Media and Reserves (Annex 1st floor)